| 000 | 00777cam a2200205 4500 | ||
|---|---|---|---|
| 001 | WB3801-20 | ||
| 008 | 020108n2002 000 0 eng u | ||
| 035 | _a(Sirsi) u116184 | ||
| 245 | _aForce 10 | ||
| 260 | _c2002 | ||
| 490 |
_aBuilding Trade and Industry _v18(1) January 2002, 1-28(1) |
||
| 520 | _aPlans have been submitted for what could be the biggest windfarm in Europe on the Hebridean Island of Lewis. This follows the recent call from government for a six-fold increase in renewable energies, which coud lead to a glut of work for contractors in the wind power sector. | ||
| 590 | _aWB | ||
| 650 | _aWINDFARMS | ||
| 650 | _aRENEWABLE ENERGY | ||
| 650 | _aLEWIS | ||
| 650 | _aHEBRIDES | ||
| 690 | _aENVIRONMENTAL AND LAND CONSULTANCY-ENERGY | ||
| 942 | _n0 | ||
| 999 |
_c69211 _d69211 |
||